The Ramana way (Record no. 24553)

MARC details
000 -LEADER
fixed length control field 00574nam a22001817a 4500
005 - DATE AND TIME OF LATEST TRANSACTION
control field 2009030208518.0
008 - FIXED-LENGTH DATA ELEMENTS--GENERAL INFORMATION
fixed length control field 090302t xxu||||| |||| 00| 0 eng d
037 ## - SOURCE OF ACQUISITION
Source of stock number/acquisition dpl/pub
040 ## - CATALOGING SOURCE
Original cataloging agency DPL
082 ## - DEWEY DECIMAL CLASSIFICATION NUMBER
Edition number 230
245 ## - TITLE STATEMENT
Title The Ramana way
260 ## - PUBLICATION, DISTRIBUTION, ETC. (IMPRINT)
Place of publication, distribution, etc Bangalore
Name of publisher, distributor, etc Ramana Maharshi Centre for Learning
Date of publication, distribution, etc 2009-
300 ## - PHYSICAL DESCRIPTION
Extent v.
Dimensions 26 cm
310 ## - CURRENT PUBLICATION FREQUENCY
Current publication frequency monthly
270 ## - ADDRESS
City Bangalore
Address Post Office road, Sanjay Nagar
Fax number 23512640
Electronic mail address ramanabangalore@sancharnet.in
942 ## - ADDED ENTRY ELEMENTS (KOHA)
Source of classification or shelving scheme Dewey Decimal Classification
Item type Periodicals
Serial record 1
Holdings
Withdrawn status Lost status Source of classification or shelving scheme Damaged status Not for loan Collection code Home library Current library Date acquired Total Checkouts Date last seen Price effective from Koha item type
    Dewey Decimal Classification   Not For Loan Non-fiction D.B.Act.Division D.B.Act.Division 02/03/2009   02/03/2009 02/03/2009 Periodicals

© Delhi Public Library
Hit Counter
free hit counter